Países da Europa - sem mapa - Statistics

Estatísticas Gerais
  • Esse quiz foi jogado 167 vezes
    119 desde o último reset
  • A pontuação média é 40 de 46
Estatísticas das Respostas
Resposta % Correto
Espanha
97%
Alemanha
96%
França
96%
Lituânia
94%
Portugal
94%
Suécia
94%
Andorra
93%
Bélgica
93%
Bielorrússia
93%
Croácia
93%
Estónia
93%
Finlândia
93%
Letónia
93%
Luxemburgo
93%
Mónaco
93%
Polónia
91%
Ucrânia
91%
Irlanda
90%
Países Baixos/Holanda
90%
Reino Unido
90%
Sérvia
90%
Albânia
88%
Áustria
88%
Eslováquia
88%
Eslovénia
88%
Noruega
88%
Rússia
88%
Vaticano
88%
Bulgária
87%
Dinamarca
87%
Grécia
87%
Hungria
87%
San Marino
87%
Suíça
87%
Itália
86%
Liechtenstein
86%
Montenegro
86%
Roménia
86%
Bósnia e Herzegovina
84%
Macedónia do Norte
84%
Malta
84%
Islândia
83%
Moldávia
78%
República Checa/Chéquia
78%
Turquia
64%
Chipre
62%
Nenhum quiz correspondente encontrado
Distribuição das Pontuações
Porcentagem de Pessoas com Cada Pontuação
Percentil de Números Respondidos
Sua Pontuação Histórica
Você não jogou esse quiz desde o último reset